000 00250nam a2200097Ia 4500
001 1135536
005 20250827005149.0
008 250824s9999 xx 000 0 und d
245 0 _aESİR ŞEHRİN İNSANLARI
_cKEMAL TAHİR
260 _bKETEBE YAYINLARI
999 _c1135536
_d1135536